000 00586nam a2200181Ia 4500
005 20250923144653.0
008 008 250917s9999 xx 000 0 eng d
037 _aTextual
040 _aDSWL
_beng
_cDSWL
041 _aeng
_2eng
084 _aX:99c.251,e4'N58t4, N59
_qDSWL
100 _aChadha, P.P.
_9827214
245 0 _aRural depopulation in England and Wales 1851-1956
_cby P.P. Chadha
260 _aDelhi
_b Delhi School of Social Work
_c1959
300 _avii,120p.
942 _cTEXL
_hX:99c.251,e4'N58t4, N59
999 _c1441859
_d1441859